| 000 | 00992nam a2200301 a 4500 | ||
|---|---|---|---|
| 001 | 000047644 | ||
| 003 | DO-SdBNP | ||
| 005 | 20250129073606.0 | ||
| 007 | ta | ||
| 008 | 180709s2009 dr 000 spa d | ||
| 020 | _a9993455326 | ||
| 040 |
_aDO-SdBNP _bspa _cBNPHU |
||
| 041 | _hspa | ||
| 082 | 4 |
_a923.2 _bD812B 2009 _222 |
|
| 100 | 1 |
_aBalcácer, Juan Daniel, _d1949- _96566 |
|
| 245 | 0 |
_aDuarte para estudiantes. / _cJuan Daniel Balcácer. |
|
| 260 |
_aSanto Domingo : _bFundación Para la Educación y el Arte, _c2009. |
||
| 300 |
_a40 páginas; _c21 cm. |
||
| 336 |
_atexto _btxt _2rdacontent |
||
| 337 |
_asin mediación _bn _2rdamedia |
||
| 338 |
_avolumen _bnc _2rdacarrier |
||
| 590 | _aInventariado,2018/DG | ||
| 600 | 1 | 0 |
_aDuarte, Juan Pablo, _d1813-1876 _xCrítica e interpretación _91494 |
| 651 | 0 |
_aRepública Dominicana -- _xHistoria -- _y1844-1930 _91009 |
|
| 700 | 1 |
_aCastro, Tomás, _d1959- _924641 |
|
| 910 | _aValidado. Control de Calidad/MAA | ||
| 942 |
_2ddc _cLBS1 |
||
| 999 |
_c47132 _d47132 |
||